Rivers of Australia - Statistics

General Stats
  • This quiz has been taken 198 times
  • The average score is 8 of 20
Answer Stats
Hint Answer % Correct
Australia's longest river Murray River
97%
Named after the Capital of Queensland Brisbane River
73%
Australia's third longest river Darling River
71%
A river that flows through Melbourne Yarra River
62%
A river that flows through Adelaide Torrens River
50%
Hobart is located on the banks of this river Derwent River
49%
Named after James Cook's ship Endeavour River
49%
A river in Sydney starting with P Parramatta River
48%
Named after an iconic Australian bird Swan River
45%
ACT's longest river and it also flows through Wagga Wagga and Narrandera Murrumbidgee River
43%
Named after a mosquito borne fever/virus Ross River
37%
Launceston is located on this river's banks Tamar River
31%
It's 1440 kms long and flows through Forbes and Cowra Lachlan River
29%
Home to the Henley on ____ Regatta (dry river boat race) Todd River
28%
An Australian micronation is named after it Hutt River
24%
Flows into the Coral Sea through the Tully Gorge National Park Tully River
24%
Burke and Wills died on the banks of this river/creek Cooper Creek/Barcoo River
23%
Longest Victorian river Goulburn River
21%
Connects Lake Victoria to the Murray River Rufus River
8%
Australia's fifth longest river Warrego River
6%
No matching quizzes found
Score Distribution
Percent of People with Each Score
Percentile by Number Answered
Your Score History
You have not taken this quiz